000 01672nam a2200313 a 4500
001 BRCA_2470
005 20190320203826.0
008 201108s1833----mx-a---###---#000-0#spa-u
041 _aspa
044 _amx
084 _a111
_b.A74 1833
100 1 _aCervantes Saavedra, Miguel de
_d1547-1616
_9213
245 1 0 _aEl Ingenioso Hidalgo Don Quijote de la Mancha
_ccompuesto por Miguel de Cervantes Saavedra.
260 _aMéxico
_bMariano Arévalo
_c1833
300 _a5 v.
_bil.
_c16 cm.
500 _aContenido : v 1. Primera parte. Retrato de Cervantes. Análisis del Quijote por V. de los Ríos. Dedicatoria del autor. Prólogo del autor. Versos preliminares. Texto. -- v 2. Texto. -- v 3. Texto. Segunda parte. Dedicatoria del autor. Prólogo del autor. Texto. -- v 4. Texto. -- v 5. Texto
500 _aEdición : Primera edición mejicana conforme a la de la Real Academia Española, hecha en Madrid en 1782. Además del análisis de dicha Academia, se han añadido las notas críticas y curiosas del señor Pellicer, con hermosas láminas
500 _aEdición enteramente igual a la anterior (110). Ejemplar desgastado y maltratado Lúdovik Osterc
500 _aQMB108
650 1 4 _aNovela española
_yÉpoca clásica, 1500-1700
_9215
650 1 4 _aLiteratura española
_yÉpoca clásica, 1500-1700
_9216
650 1 4 _aNovela española
_ySiglo XVII
_9217
650 1 4 _aDon Quijote (Personaje ficticio)
_eNovela
_9218
700 1 _aRío, Vicente de los
_d1732-1779
_eBiógrafo
_97164
700 1 _aPellicer y Pilares, Juan Antonio
_d1738-1806
_eBiógrafo
_97165
740 0 _aEl Ingenioso Hidalgon Don Quijote de la Mancha
902 _aQFM
942 _2lcc
_cB
999 _c2211
_d2211